Map Quiz - Name Oceania Capitals - Statistics

General Stats
  • This quiz has been taken 14 times
  • The average score is 13 of 14
Answers on the Map
Answers color-coded by a green-red scale on the quiz's map according to % correct below.
 
Answer Stats
Answer % Correct
Apia
100%
Canberra
100%
Funafuti
100%
Honiara
100%
Wellington
100%
Nuku'alofa
92%
Palikir
92%
Port Moresby
92%
Port Vila
92%
South Tarawa
92%
Suva
92%
Yaren
92%
Ngerulmud
85%
Majuro
77%
No matching quizzes found
Score Distribution
Percent of People with Each Score
Percentile by Number Answered
Your Score History
You have not taken this quiz